000 00286nam a22001337a 4500
008 181023b xxu||||| |||| 00| 0 eng d
020 _a9781323407639
041 _aeng
080 _a541
100 _a12
101 _aKIM
245 _aOrganic Chemistry
_cWade, L.G
942 _2udc
_cBK
999 _c50727
_d50727